00686nam a2200205 a 4500001001000000003000900010005001700019008004100036040002500077049000900102082001500111100004600126245006400172260004300236300003000279504002700309942001400336952011300350999001700463000029899DO-SdBNP20250620142314.0110426s1997 dr ab 000 0 spa d aDO-SdBNPbspacBNPHU aBNPD axxxbG861m1 aGrimaldi Silié, Eleanor, d1948-98571310aMujeres de patria /cadaptado por Eleanor Grimaldi Silié. a[Santo Domingo] :bEl siglo,c[1997?]. a34 p. :bretrs. ;c28 cm. aBibliografía : p. 34 2ddccLBS1 0010718PDaPDbPDcCTd2011-04-26iLF1l0oxxx G861mp29899-10r2020-06-25w2020-06-25yLFPDZNo se presta c29391d29391